| 000 | 00598nam a22002057a 4500 | ||
|---|---|---|---|
| 005 | 20251108172134.0 | ||
| 008 | 250721s1982 xx 000 0 ara d | ||
| 082 | 1 | 4 | _a923.5/بيج |
| 100 | 1 | _aالعسلي، بسام | |
| 245 | 1 | 0 | _aالماريشال بيجو 1784 - 1849 / |
| 250 | _aط2 | ||
| 264 | 1 |
_aبيروت : _bالمؤسسة العربية للدراسات و النشر، _c1982. |
|
| 300 | _a143ص | ||
| 490 | 0 | _aمشاهير قادة العالم | |
| 650 | 1 | 7 | _aالعسكريون |
| 650 | 1 | 7 | _aفرنسا |
| 650 | 1 | 7 | _aالتراجم |
| 942 |
_2ddc _cBK |
||
| 999 |
_c71421 _d71421 |
||